| 000 | 00590nam a22001937a 4500 | ||
|---|---|---|---|
| 999 |
_c20628 _d20628 |
||
| 003 | AR-CdUCM | ||
| 008 | 190531b ||||| |||| 00| 0 spa d | ||
| 040 |
_aMUNICIPALIDAD PROVINCIAL DEL CUSCO _cBIBLIOTECA MUNICIPAL DEL CUSCO |
||
| 082 |
_a030 / _bD69 |
||
| 245 | _aDiccionario infantil A. F. A. | ||
| 260 |
_aLima : _bAfa editores, _c1990. |
||
| 300 |
_a176 páginas ; _bIlustraciones, _c29 cm. |
||
| 500 | _a[libro reempastado] | ||
| 505 | _aContenido: Diccionario. | ||
| 650 |
_aDiccionario _95196 |
||
| 650 |
_aDiccionario infantil _934421 |
||
| 942 |
_2ddc _cLIBROS |
||
| 945 | _aAndy | ||